000
00337nam a22001457a 4500
003
OSt
008
220521b ||||| |||| 00| 0 eng d
022
_a
978-0-141-98851-1
082
_a
170.44 PET
100
_a
PETERSON,Jordan
245
_a
12 Rules for Life
260
_a
U.K.
_b
Penguin Books
_c
2019
300
_a
409
942
_2
ddc
_c
BK
999
_c
11262
_d
11262